BIBLIOTHÈQUE DE LA MAISON DU MEXIQUE

Logo 1 Logo 2

Mito y poesía (notice nᵒ 4158)

détails MARC
000 -Sello discográfico
campo de control de longitud fija 01060nam a2200289 4500
005 - Identificación de versión
campo de control 20251016083138.0
035 ## - Otros números de control del sistema
Número de control del sistema 26196
099 ## - fechas locales
Tipo de ítem Koha LIBRO
100 ## - Datos de procesamiento general
Datos de procesamiento general 19990506d1973 m y1spay5003 ba
105 ## - Campo de datos codificados: Material textual, monográfico
Datos codificados de monografía y 001zy
200 1# - Título y mención de responsabilidad
Título propio Mito y poesía
Designación general del material texto impreso
Otra información del título ensayos sobre literatura contemporánea de lengua española
Primer mención de responsabilidad Ramón Xirau
205 ## - Declaración de edición
Declaración de edición 1a ed
210 ## - Publicación, distribución, etc.
Lugar de publicación, distribución, etc. México
Nombre del editor, distribuidor, etc. Universidad Nacional Autónoma de México, Facultad de Filosofía y Letras
Fecha de publicación, distribución, etc. 1973
215 ## - Descripción física
Designación de material específico y extensión del ítem 220 p
Dimensiones 17 cm
345 ## - Nota de información de adquisición
Fuente de adquisición/dirección de la suscripción [OBSOLETO] Donación del Centro Cultural
410 #1 - Series
Título Colección Opúsculos
Nombre de parte o sección Serie Fuentes y Documentos
Número de volumen 78
606 ## - Término temático usado como materia
Elemento de entrada Literatura española
Subdivisión cronológica Siglo XX
Subdivisión temática Historia y crítica
Número Koha 3661
606 ## - Término temático usado como materia
Elemento de entrada Literatura hispanoamericana
Subdivisión temática Historia y crítica
Número Koha 4668
700 ## - Nombre personal - Responsabilidad primaria
Elemento de entrada Xirau Subias
Parte del nombre distinta del elemento de entrada Ramón
Fechas 1924-2017
Número Koha 550
801 #0 - Fuente de origen
Agencia cm
900 ## -
-- 1/18751
900 ## -
-- 7109910662\060599
942 ## - ELEMENTOS DE ENTRADA SECUNDARIOS (KOHA)
Tipo de ítem Koha Livre
996 ## -
-- MEX
-- 751145101
-- MMAG
-- 011524
-- H860.9 X6M
-- 20241105LIV
Exemplaires
Estatus retirado Estado de daño Estado de pérdida Fecha de adquisición Biblioteca de origen Biblioteca actual Ubicación en estantería Código de barras Precio de reemplazo Signatura topográfica completa No para préstamo Tipo de ítem Koha Nota pública Nota no pública
      05/08/2025 Casa México Paris Casa México Paris   011524 05/08/2025 H860.9 X6M   Livre 20241105LIV 751145101